00575nam a2200217Ia 450000500170000000800460001702000180006303700100008104000080009104000080009904000080010704100080011504100080012308400080013110000110013924501110015026000310026126000090029265000160030185600400031720260306163613.0008 260114s9999 xx 000 0 eng d a9781474476829 aEBOOK aCRL beng cCRL 2eng aeng qCRL aGutman 4aThe Politics Of Armenian Migration To North America, 1885-1915: Sojourners, Smugglers And Dubious Citizens bEdinburgh University Press c2020 aSocial Work uhttps://academic.oup.com/book/33831